[Event "?"]
[Site "?"]
[Date "2015.11.26"]
[Round "7"]
[White "URBANIAK, PATRICJK."]
[Black "LUCAS, JEAN."]
[Result "1-0"]
[WhiteElo "1814"]
[BlackElo "1657"]
[PlyCount "67"]

1. c4 b6 2. Nc3 e6 3. e4 Bb7 4. Nf3 Bb4 5. d3 d6 6. Bd2 Nd7 7. a3 Bxc3 8. Bxc3
Ngf6 9. Be2 O-O 10. O-O a5 11. Qc2 a4 12. Rfe1 e5 13. Bf1 Nc5 14. Rad1 Qc8 15.
Qd2 Qg4 16. h3 Qg6 17. Nh4 Qh5 18. Nf5 Rae8 19. Re3 Bc8 20. Be2 Qg5 21. Nxg7
Kxg7 22. Rg3 Qxg3 23. fxg3 Kh8 24. Qh6 Ng8 25. Qh4 f5 26. exf5 Bxf5 27. g4 Bg6
28. d4 Ne4 29. Bd3 Nxc3 30. Bxg6 Ne2+ 31. Kh2 Re7 32. dxe5 Nf4 33. Be4 Rxe5 34.
Qxh7# 1-0

[Event "?"]
[Site "?"]
[Date "2015.11.26"]
[Round "7"]
[White "DVORSAK, HANS."]
[Black "MAHIEU, JACQUES."]
[Result "1-0"]
[WhiteElo "1874"]
[BlackElo "1638"]
[PlyCount "77"]
[EventDate "2015.??.??"]

1. e4 e6 2. d4 d5 3. Nc3 Bb4 4. e5 c5 5. a3 Bxc3+ 6. bxc3 Qa5 7. Bd2 Nc6 8. Qg4
Nge7 9. Qxg7 Rg8 10. Qxh7 Qa4 11. Nf3 cxd4 12. Ng5 Nxe5 13. f4 dxc3 14. Be3 Bd7
15. fxe5 O-O-O 16. Qd3 Nf5 17. Qxc3+ Kb8 18. Bd2 Rc8 19. Qb4 Qxc2 20. Rb1 Rc7
21. Rb2 Qa4 22. Qxa4 Bxa4 23. Nxf7 Rxf7 24. Bb4 Kc7 25. Bd3 Nh4 26. Bd6+ Kd8
27. g3 Nf3+ 28. Ke2 Bc6 29. Rc1 Rgg7 30. Kd1 Nd4 31. Rb4 Nf3 32. Bb5 a5 33. Rb2
Nd4 34. Bd3 Kd7 35. Rc5 Ba4+ 36. Ke1 Nc6 37. Rxb7+ Kc8 38. Rb6 Ra7 39. Bc2 1-0

[Event "?"]
[Site "?"]
[Date "2015.11.26"]
[Round "7"]
[White "LEFEBVRE, SERGE."]
[Black "WUHRMANN, DANIEL."]
[Result "0-1"]
[WhiteElo "1630"]
[BlackElo "1698"]
[PlyCount "122"]

1. e4 c5 2. Nf3 d6 3. d4 cxd4 4. Nxd4 Nf6 5. Nc3 a6 6. Be2 e5 7. Nb3 Be7 8. Be3
Be6 9. f3 d5 10. exd5 Nxd5 11. Nxd5 Bxd5 12. O-O O-O 13. Qd2 Bc6 14. Rad1 Qxd2
15. Rxd2 Rd8 16. Rfd1 Rxd2 17. Rxd2 Nd7 18. c3 Nf6 19. Na5 Nd5 20. Nxc6 bxc6
21. Bf2 a5 22. Bg3 Bc5+ 23. Bf2 Bxf2+ 24. Kxf2 Kf8 25. Bc4 Rd8 26. Ba6 Rd7 27.
c4 Nb6 28. Rxd7 Nxd7 29. Bb7 c5 30. Ke3 f5 31. g3 Ke7 32. Bc8 Nb6 33. Ba6 Kd6
34. Bb5 g5 35. h3 h6 36. b3 Nc8 37. a3 Ne7 38. Be8 Ke6 39. Kd3 Ng8 40. Bc6 Nf6
41. g4 h5 42. gxf5+ Kxf5 43. Ke3 g4 44. hxg4+ hxg4 45. fxg4+ Nxg4+ 46. Ke2 Kf4
47. Kd2 e4 48. Bxe4 Kxe4 49. Kc3 Ne5 50. b4 a4 51. bxc5 Nc6 52. Kc2 Kd4 53. Kd2
Kxc4 54. Kc2 Kxc5 55. Kb2 Kd4 56. Ka1 Kc3 57. Kb1 Kb3 58. Ka1 Kxa3 59. Kb1 Kb3
60. Ka1 a3 61. Kb1 Nb4 0-1

[Event "?"]
[Site "?"]
[Date "2015.11.26"]
[Round "7"]
[White "VAN MAELE, RICHARD."]
[Black "BOUGEL, CLAUDE."]
[Result "1/2-1/2"]
[WhiteElo "1731"]
[BlackElo "1691"]
[PlyCount "186"]

1. d4 Nf6 2. Nf3 e6 3. Bg5 d5 4. e3 Be7 5. Nbd2 O-O 6. Bd3 Nc6 7. c3 b6 8. O-O
h6 9. Bh4 a5 10. Re1 Nh5 11. Bxe7 Qxe7 12. Bb5 Na7 13. Ba4 b5 14. Bc2 Nc6 15.
e4 Qd8 16. exd5 exd5 17. Ne5 Nxe5 18. Qxh5 Ng4 19. Bf5 Nf6 20. Qf3 Bxf5 21.
Qxf5 Qd6 22. Re3 Rae8 23. Rae1 Rxe3 24. Rxe3 g6 25. Qe5 Qxe5 26. Rxe5 Re8 27.
Nf3 Rxe5 28. Nxe5 Kf8 29. Nc6 a4 30. Na7 c6 31. Nxc6 Ne8 32. Kf1 Nc7 33. Ke2
Ke8 34. g3 Kd7 35. Na7 Ke6 36. Ke3 Kf5 37. h3 h5 38. f3 g5 39. g4+ hxg4 40.
hxg4+ Ke6 41. b3 axb3 42. axb3 f5 43. gxf5+ Kxf5 44. Nc6 g4 45. fxg4+ Kxg4 46.
Ne5+ Kf5 47. Nf3 Kg4 48. Nd2 Kf5 49. c4 dxc4 50. bxc4 bxc4 51. Nxc4 Nd5+ 52.
Kf3 Ke6 53. Ke4 Nf6+ 54. Kd3 Kd5 55. Ne3+ Kd6 56. Kc4 Kc6 57. Nf5 Kb6 58. Ne7
Ne8 59. d5 Kc7 60. Kc5 Nd6 61. Ng8 Nb7+ 62. Kd4 Nd6 63. Ke5 Nc4+ 64. Ke6 Nd6
65. Nf6 Nc8 66. Ne8+ Kd8 67. Nd6 Nb6 68. Nf7+ Ke8 69. d6 Nd7 70. Ng5 Nf8+ 71.
Kd5 Kd7 72. Ne4 Ng6 73. Nc5+ Kd8 74. Ke6 Nf8+ 75. Kf7 Nd7 76. Nb7+ Kc8 77. Ke7
Ne5 78. Nc5 Nc6+ 79. Ke8 Ne5 80. Nd3 Nd7 81. Nb4 Nf6+ 82. Ke7 Ng8+ 83. Ke6 Nh6
84. d7+ Kc7 85. Na6+ Kd8 86. Nc5 Kc7 87. Ke7 Nf5+ 88. Kf6 Nd6 89. Ke6 Nc8 90.
Na6+ Kd8 91. Nb4 Ne7 92. Nd3 Ng6 93. Nc5 Nf8+ 1/2-1/2

[Event "?"]
[Site "?"]
[Date "2015.11.27"]
[Round "8"]
[White "WEILL, SERGE."]
[Black "DVORSAK, HANS."]
[Result "0-1"]
[WhiteElo "1943"]
[BlackElo "1874"]
[PlyCount "76"]
[SourceDate "2015.11.27"]

1. e4 e5 2. f4 exf4 3. Nf3 g5 4. Bc4 Bg7 5. h4 h6 6. d4 Nc6 7. c3 d6 8. Nbd2
Qe7 9. d5 Ne5 10. Nxe5 Bxe5 11. Bb5+ Bd7 12. Bxd7+ Kxd7 13. Qg4+ Ke8 14. hxg5
hxg5 15. Rxh8 Bxh8 16. Qh5 Bf6 17. Qh7 Kd7 18. Nf3 Re8 19. Nd2 c6 20. Qf5+ Kc7
21. dxc6 bxc6 22. Qa5+ Kb8 23. b3 d5 24. Ba3 Qc7 25. Qb4+ Ka8 26. Bb2 Qb6 27.
Qxb6 axb6 28. O-O-O dxe4 29. Nc4 e3 30. Nxb6+ Kb7 31. Nc4 Re6 32. Re1 g4 33.
Kd1 Bh4 34. Re2 Bf2 35. Bc1 Nf6 36. Kc2 Nd5 37. Kd3 f3 38. Bxe3 Bxe3 0-1

[Event "?"]
[Site "?"]
[Date "2015.11.27"]
[Round "8"]
[White "WUHRMANN, DANIEL."]
[Black "VAN MAELE, RICHARD."]
[Result "1-0"]
[WhiteElo "1698"]
[BlackElo "1731"]
[PlyCount "33"]

1. e4 e6 2. d4 d5 3. e5 c5 4. c3 Nc6 5. Nf3 Qb6 6. Bd3 Bd7 7. dxc5 Bxc5 8. Qe2
Rc8 9. O-O Qc7 10. Nbd2 f5 11. Bxf5 exf5 12. e6 Nce7 13. exd7+ Qxd7 14. Ng5 Qd6
15. Nb3 Bb6 16. Ne6 Bc7 17. Bf4 1-0

[Event "?"]
[Site "?"]
[Date "2015.11.27"]
[Round "8"]
[White "BOUGEL, CLAUDE."]
[Black "ROSAIA, DANY."]
[Result "1-0"]
[WhiteElo "1691"]
[BlackElo "1449"]
[PlyCount "81"]

1. c4 e5 2. Nc3 Nf6 3. g3 Bc5 4. e3 O-O 5. Bg2 c6 6. Nge2 d5 7. cxd5 cxd5 8. d4
exd4 9. exd4 Bb6 10. O-O Be6 11. Bg5 Nbd7 12. Nxd5 Bxd5 13. Bxd5 Qc8 14. Bg2 h6
15. Rc1 Bc7 16. Bf4 Ne8 17. Qc2 Nd6 18. Qxc7 Nb5 19. Qxb7 Qxb7 20. Bxb7 Rad8
21. Bc6 a6 22. Bxb5 axb5 23. Rc7 Rfe8 24. Be3 Nf6 25. Nc3 b4 26. Nb5 Nd5 27.
Rc4 Re7 28. Rfc1 Kh7 29. Kf1 Rb8 30. Nc7 Nxe3+ 31. fxe3 Rxe3 32. Kf2 Re7 33.
Nd5 Reb7 34. b3 Rb5 35. Rc5 R5b7 36. Re1 g5 37. Re7 Rxe7 38. Nxe7 Ra8 39. Rc2
Ra7 40. Nd5 Rd7 41. Nf6+ 1-0

[Event "?"]
[Site "?"]
[Date "2015.11.27"]
[Round "8"]
[White "LUCAS, JEAN."]
[Black "MAHIEU, JACQUES."]
[Result "1-0"]
[WhiteElo "1657"]
[BlackElo "1638"]
[PlyCount "47"]

1. e4 e6 2. d4 d5 3. Nd2 Nc6 4. Ngf3 Nf6 5. e5 Nd7 6. Bb5 a6 7. Ba4 b5 8. Bb3
Na5 9. O-O Nxb3 10. axb3 c5 11. c3 Qb6 12. Re1 Be7 13. Nf1 cxd4 14. cxd4 Bb7
15. Bg5 Bxg5 16. Nxg5 h6 17. Nh3 Rc8 18. Ne3 b4 19. f4 O-O 20. f5 exf5 21. Nxf5
Rfe8 22. Qg4 Qg6 23. Qxg6 fxg6 24. Nd6 1-0

[Event "?"]
[Site "?"]
[Date "2015.11.27"]
[Round "8"]
[White "URBANIAK, PATRICK."]
[Black "LEFEBVRE, SERGE."]
[Result "1-0"]
[WhiteElo "1814"]
[BlackElo "1630"]
[PlyCount "53"]

1. c4 g6 2. Nc3 e5 3. e4 Bg7 4. g3 d6 5. Bg2 Be6 6. d3 Nc6 7. Nge2 Nge7 8. O-O
O-O 9. a3 a5 10. Nd5 f5 11. Bg5 h6 12. Nxe7+ Nxe7 13. Be3 Rb8 14. Qd2 Kh7 15.
Qxa5 g5 16. exf5 Bxf5 17. Qd2 Qd7 18. d4 Ng6 19. b4 Bh3 20. Rad1 Bxg2 21. Kxg2
Nh4+ 22. gxh4 Qg4+ 23. Ng3 Qf3+ 24. Kg1 gxh4 25. Qe2 hxg3 26. Qxf3 gxh2+ 27.
Kg2 1-0

[Event "CHAMP LIGUE VETERAN"]
[Site "?"]
[Date "2015.11.28"]
[Round "9"]
[White "DVORSAK, HANS."]
[Black "BOUGEL, CLAUDE."]
[Result "1/2-1/2"]
[WhiteElo "1874"]
[BlackElo "1691"]
[PlyCount "65"]
[SourceDate "2015.11.28"]

1. e4 c5 2. Nf3 d6 3. d4 cxd4 4. Nxd4 Nf6 5. Nc3 a6 6. Be3 g6 7. Be2 Bg7 8. f3
h5 9. Qd2 Nc6 10. Rd1 Bd7 11. O-O Ne5 12. Nb3 Rc8 13. Nb1 Nc4 14. Bxc4 Rxc4 15.
Na3 Rc8 16. Bd4 Qc7 17. Qf2 b5 18. c3 Rb8 19. Nc2 a5 20. a3 O-O 21. Qg3 e5 22.
Be3 Be6 23. Nba1 d5 24. Bd4 Nd7 25. exd5 Bxd5 26. Be3 Bc4 27. Rfe1 Nc5 28. Bxc5
Qxc5+ 29. Qf2 Qxf2+ 30. Kxf2 Rbd8 31. Ne3 Be6 32. Rxd8 Rxd8 33. Rd1 1/2-1/2

[Event "CHAMP LIGUE VETERAN"]
[Site "?"]
[Date "2015.11.28"]
[Round "9"]
[White "VAN MAELE, RICHARD."]
[Black "URBANIAK, PATRICK."]
[Result "0-1"]
[WhiteElo "1731"]
[BlackElo "1814"]
[PlyCount "72"]

1. d4 Nf6 2. Nf3 d5 3. Bg5 Ne4 4. Bh4 h6 5. Nbd2 g5 6. Bg3 Nxg3 7. hxg3 Bg7 8.
e3 Bf5 9. c3 Nd7 10. Nb3 O-O 11. Bd3 Bg4 12. Qc2 Bxf3 13. gxf3 e5 14. Bf5 exd4
15. Bxd7 Qxd7 16. Nxd4 f5 17. O-O-O Rf6 18. f4 Raf8 19. fxg5 hxg5 20. Nf3 Rg6
21. Rh5 Bf6 22. Qd3 c6 23. Rdh1 Qe6 24. Nd4 Qe4 25. Qf1 f4 26. Qh3 fxe3 27.
Rh8+ Kf7 28. Qd7+ Be7 29. Rxf8+ Kxf8 30. Ne6+ Rxe6 31. Rh8+ Kg7 32. Qe8 Kf6 33.
Rh6+ Ke5 34. Qh8+ Bf6 35. Qb8+ Kf5 36. f4 e2 0-1

[Event "CHAMP LIGUE VETERAN"]
[Site "?"]
[Date "2015.11.28"]
[Round "9"]
[White "MAHIEU, JACQUES."]
[Black "WEILL, SERGE."]
[Result "1/2-1/2"]
[WhiteElo "1638"]
[BlackElo "1943"]
[PlyCount "123"]

1. c4 c5 2. g3 g6 3. Nf3 Bg7 4. Bg2 Nc6 5. O-O d6 6. Nc3 Bd7 7. d3 Nh6 8. Rb1
Nf5 9. a3 Rb8 10. Bd2 h5 11. h4 Nfd4 12. Kh2 Nxf3+ 13. Bxf3 Nd4 14. Bg2 O-O 15.
b4 Bc6 16. Nd5 e6 17. Nf4 Bxg2 18. Kxg2 Qd7 19. e3 Nf5 20. b5 Be5 21. Kh3 Rbd8
22. e4 Bxf4 23. exf5 Bxd2 24. Qxd2 exf5 25. Qh6 d5 26. Rbe1 Rfe8 27. Qc1 dxc4
28. dxc4 Re4 29. Rxe4 fxe4+ 30. Kh2 Qd2 31. Kg1 Rd4 32. Re1 Kf8 33. Qxd2 Rxd2
34. Rxe4 b6 35. Kf1 Ra2 36. Re3 Rc2 37. Re4 Rc3 38. Ke2 Rxa3 39. f3 a6 40. bxa6
Rxa6 41. g4 hxg4 42. fxg4 Ra3 43. g5 Rb3 44. Kd2 b5 45. cxb5 Rxb5 46. Kc3 Rb1
47. Kc4 Rc1+ 48. Kd5 f5 49. gxf6 Kf7 50. Rf4 Rc2 51. Rf3 c4 52. Kc5 Rc1 53. Kd4
Rc2 54. Rf4 Rc1 55. Kc5 c3 56. Kd4 c2 57. Kd3 Rd1+ 58. Kxc2 Rd6 59. Kc3 Rxf6
60. Rxf6+ Kxf6 61. h5 g5 62. Kd3 1/2-1/2

[Event "CHAMP LIGUE VETERAN"]
[Site "?"]
[Date "2015.11.28"]
[Round "9"]
[White "LEFEBVRE, SERGE."]
[Black "LUCAS, JEAN."]
[Result "1-0"]
[WhiteElo "1630"]
[BlackElo "1657"]
[PlyCount "103"]

1. e4 e5 2. Nf3 Nc6 3. d4 exd4 4. Nxd4 Nf6 5. Nc3 Bb4 6. Nxc6 bxc6 7. Bd2 O-O
8. Bd3 d5 9. O-O Bxc3 10. Bxc3 Nxe4 11. Bxe4 dxe4 12. Qe2 Re8 13. Rad1 Qg5 14.
Rd4 Bh3 15. f4 exf3 16. Qxf3 Be6 17. Qxc6 Rad8 18. Rxd8 Qxd8 19. Re1 Bd7 20.
Rxe8+ Bxe8 21. Qf3 f6 22. h3 Bg6 23. Qe2 Qd5 24. Bb4 c5 25. Bc3 Qxa2 26. Qe7
Qd5 27. Kh2 h5 28. Qxa7 Bxc2 29. Qb8+ Kh7 30. Qc7 Qf5 31. Qd6 h4 32. Qd2 Be4
33. Qe3 Bc6 34. Qd2 Kg6 35. Qe3 Qc2 36. Qg1 Qe2 37. Kh1 c4 38. Kh2 Bd5 39. Kh1
Qd3 40. Qf2 Qxh3+ 41. Kg1 Qg4 42. Kh2 f5 43. Qb6+ Kh5 44. Qf2 g5 45. Qd2 Qg3+
46. Kg1 Be4 47. Qe2+ g4 48. Be1 Qd6 49. Qxc4 Qb6+ 50. Bf2 Qxb2 51. Qf7+ Kg5 52.
Be3+ 1-0

[Event "CHAMP LIGUE VETERAN"]
[Site "?"]
[Date "2015.11.28"]
[Round "9"]
[White "ROSAIA, DANY."]
[Black "WUHRMANN, DANIEL."]
[Result "0-1"]
[WhiteElo "1449"]
[BlackElo "1698"]
[PlyCount "150"]
[EventDate "2015.??.??"]

1. e4 c5 2. Nf3 d6 3. Nc3 a6 4. a4 Nf6 5. Be2 e5 6. Bc4 Be7 7. O-O O-O 8. d3 h6
9. Nd5 Nxd5 10. Bxd5 Nd7 11. Nd2 Nf6 12. Bb3 Bd7 13. f4 exf4 14. Rxf4 b5 15. a5
Qc7 16. Qf1 Be6 17. c4 b4 18. Bd1 Nd7 19. b3 Bg5 20. Rf3 Ne5 21. Rg3 Qe7 22.
Nf3 Bf6 23. Ra2 Nxf3+ 24. Rxf3 Be5 25. Be3 Bg4 26. Rff2 Be6 27. Bf3 Qh4 28. g3
Qe7 29. Qe2 Qd7 30. Qd2 Bg4 31. Bg2 Qe6 32. d4 Bf6 33. e5 dxe5 34. Bxa8 exd4
35. Bf4 Rxa8 36. Ra1 Re8 37. Ra2 Qe4 38. h3 Bxh3 39. Kh2 Bg4 40. Bd6 Bg5 41.
Bf4 Bf6 42. Bd6 Be7 43. Qf4 Qxf4 44. Bxf4 d3 45. Kg2 Bd1 46. Rad2 Bxb3 47. Rxd3
Bxc4 48. Rd7 Bb5 49. Rd1 Bf6 50. Kh2 c4 51. Rb1 b3 52. Bd6 Bc3 53. Ba3 Bxa5 54.
Rbf1 f6 55. Rd1 c3 56. Rc1 b2 57. Bxb2 cxb2 58. Rxb2 Re2+ 59. Rxe2 Bxe2 60. Rc2
Bb5 61. Kg2 Bb6 62. Kf3 Bd4 63. g4 Kf7 64. Ke4 Be5 65. Kf3 Kg6 66. Rc5 Kg5 67.
Rc2 g6 68. Rc5 h5 69. gxh5 Kxh5 70. Kg2 Kg4 71. Rc8 g5 72. Rc5 Kf4 73. Rc8 f5
74. Rc5 Bd4 75. Rc8 g4 0-1